Sąsiedzi miasta Sosnowiec - Statystyki

Ogólne statystyki
  • Ten quiz został rozwiązany 225 razy
  • Średni wynik to 6 z 7
Statystyki odpowiedzi
ludność
(r. 2021)
Odpowiedź % Poprawnych
290 553 Katowice
99%
118 285 Dąbrowa Górnicza
94%
74 559 Mysłowice
92%
56 354 Będzin
90%
90 368 Jaworzno
88%
31 677 Czeladź
84%
7092 Sławków
49%
Nie znaleziono quizów pasujących do podanych kryteriów
Rozkład punktacji
Procent ludzi z każdym wynikiem
Percentyl według liczby udzielonych odpowiedzi
Twoja historia wyników
Nie rozwiązałeś tego quizu